000 00781nam a22002537a 4500
005 20170123162350.0
010 _aA-645438
020 _c50.00
035 _aA-645438
037 _bCen Lib/Ret
040 _aDPL
_bUR
082 _a791.43092
_bع ث م
100 _aعثمآنی ، قیصر
_9108136
245 _a/ یادوں کے ساۓ
_cقیصرعثمآنی
246 _aYaadon ke saye/
_bby Qaisar Usmani
260 _aممبئی
_bمکتبہ عثمآنی
_c1919
270 _aملاد ایسٹ
_bممبئی
300 _a123p.
_c20cm(Hb)
650 _aاردو ادب
_v
_9135832
650 _aاردو ادب
_9135833
650 _aUrdu literature
_9135834
650 _aUrdu literature
_9135835
942 _2ddc
_cUR
_h791.43092
_mع ث م
999 _c109162
_d109162